000 00430nam a2200169Ia 4500
003 GCL
008 140319s9999 xx 000 0 ara d
040 _aGCL /
_cGCL
082 0 4 _aط
_b813.081
_bع ى
245 1 0 _aيوم القادسية
300 _a96
490 _aايام العرب
_v0
650 0 4 _aالقصص العربية
650 0 4 _aالقصص التاريخية
650 0 4 _aالقادسية
942 _2ddc
_cBK
999 _c43134
_d43134